000 01594nam a22002417a 4500
999 _c60262
_d60262
003 Ge_BSU
005 20230623094843.0
008 230623s2010 ge ||||| |||| 00| 0 geo d
020 _a9789941910630
041 _ageo
080 _a821.353.1-91-1 ხ-20
245 _aხალხური პოეზიის ანთოლოგია /
_cშედგენილი ზურაბ კიკნაძისა და ტრისტან მახაურის მიერ; [რედ. მერაბ ღაღანიძე; თენგიზ მირზაშვილის ნახ.; [ქართ. წიგნის მხარდაჭერის ფონდი].
264 _aთბილისი :
_bმემკვიდრეობა,
_c2010.
300 _a352 გვ. ;
_b25 სმ.
500 _aეძღვნება ალექსანდრე გვახარიას ხსოვნას.
501 _aშენიშვნ.: გვ. 241-313. სიტყვათა განმარტება: გვ. 319-323.
700 _aკიკნაძე, ზურაბ
_eშემდგენელი
_918910
700 _aმახაური, ტრისტან
_eშემდგენელი.
_918911
700 _aღაღანიძე, მერაბ
_eრედაქტორი
_912587
700 _aმირზაშვილი, თენგიზ
_eმხატვარი
_914796
700 _aქართული წიგნის მხარდაჭერის ფონდი
_918912
942 _2udc
_cBK